书目信息 |
| 题名: |
苍茫西藏路
|
|
| 作者: | 韩英 著 | |
| 分册: | ||
| 出版信息: | 拉萨 西藏人民出版社 2001.03 |
|
| 页数: | 190页 | |
| 开本: | 20cm | |
| 丛书名: | ||
| 单 册: | ||
| 中图分类: | I267.4 | |
| 科图分类: | ||
| 主题词: | 游记--选集--游记--中国。--现代 | |
| 电子资源: | ||
| ISBN: | 7-223-01292-7 | |
| 000 | 00678nam0 2200217 450 | |
| 001 | 010254442359 | |
| 005 | 20051007180335.40 | |
| 010 | @a7-223-01292-7@dCNY20.00 | |
| 100 | @a20051006d2001 km y0chiy0120 ea | |
| 101 | 0 | @achi |
| 102 | @aCN@b540000 | |
| 105 | @ab z 000yy | |
| 200 | 1 | @a苍茫西藏路@Acang mang xi zang lu@f韩英著@Fhan ying zhu |
| 210 | @a拉萨@c西藏人民出版社@d2001.03 | |
| 215 | @a190页@c地图@d20cm | |
| 330 | @a本书是一本连续性的散文游记,描述了八千里的"苍茫西藏路",集历史、风情、文化于一体。 | |
| 606 | 0 | @a游记@x选集@x游记@y中国。@z现代 |
| 690 | @aI267.4@v4 | |
| 701 | 0 | @a韩英@Ahan ying@4著 |
| 801 | 0 | @aCN@bQSSK@c20051007 |
| 905 | @a10447@dI267.4@eH102 | |
| 苍茫西藏路/韩英著.-拉萨:西藏人民出版社,2001.03 |
| 190页:地图;20cm |
| ISBN 7-223-01292-7:CNY20.00 |
| 本书是一本连续性的散文游记,描述了八千里的"苍茫西藏路",集历史、风情、文化于一体。 |
| ● |
| 相关链接 |
|
|
|
正题名:苍茫西藏路
索取号:I267.4/H102
 
预约/预借
| 序号 | 登录号 | 条形码 | 馆藏地/架位号 | 状态 | 备注 |
| 1 | 573726 | 205737265 | 文学库116/116文学库 11排6列4层/ [索取号:I267.4/H102] | 在馆 | |
| 2 | 573727 | 205737274 | 文学库116/116文学库 11排6列4层/ [索取号:I267.4/H102] | 在馆 | |
| 3 | 573728 | 205737283 | 社科二线422/422社科库 26排22列4层/ [索取号:I267.4/H102] | 在馆 |